书目信息 |
| 题名: |
儿童自由泳技术训练
|
|
| 作者: | 科玛 著 ;谢丽娟 , 王勇 译 | |
| 分册: | ||
| 出版信息: | 北京 人民体育出版社 2002 |
|
| 页数: | 102页 | |
| 开本: | 20cm | |
| 丛书名: | ||
| 单 册: | ||
| 中图分类: | G861.11 | |
| 科图分类: | ||
| 主题词: | 自由泳--儿童读物 , CT--S099351--自由泳 | |
| 电子资源: | ||
| ISBN: | 7-5009-2155-1 | |
| 000 | 01095nam0 2200277 45 | |
| 001 | 012002059807 | |
| 005 | 20061114142914.20 | |
| 010 | @a7-5009-2155-1@dCNY8.00 | |
| 100 | @a20020731d2002 em y0chiy0110 ea | |
| 101 | 1 | @achi@cger |
| 102 | @aCN@b110000 | |
| 105 | @aa z 000yy | |
| 200 | 1 | @a儿童自由泳技术训练@9er tong zi you yong ji shu xun lian@f(德)艾里斯·科玛著@g谢丽娟,王勇译 |
| 210 | @a北京@c人民体育出版社@d2002 | |
| 215 | @a102页@c照片,图@d20cm | |
| 305 | @a德国迈尔 & 迈尔专业出版有限公司授权出版 | |
| 314 | @a艾里斯·科玛(女),儿童教育学博士和国际著名的心理学家,曾获得1970年欧洲游泳锦标赛冠军,著有《儿童自由泳技术训练》。 | |
| 330 | @a本书第一部分主要介绍了为训练实践提供的基本技巧,注意儿童训练中练习的多样化。第二部分主要涉及到自由泳中的出发入水——抓壁式出发和摆臂式出发以及转身到自由泳的混合转身。 | |
| 606 | 0 | @a自由泳@x儿童读物 |
| 606 | 0 | @2CT@3S099351@a自由泳 |
| 690 | @aG861.11@v4 | |
| 701 | 1 | @a科玛@9ke ma@b艾里斯@4著 |
| 702 | 0 | @a谢丽娟@9xie li juan@4译 |
| 702 | 0 | @a王勇@9wang yong@4译 |
| 801 | 0 | @aCN@bNLC@c20061114 |
| 905 | @a10447@dG861.11@e50 | |
| 儿童自由泳技术训练/(德)艾里斯·科玛著/谢丽娟,王勇译.-北京:人民体育出版社,2002 |
| 102页:照片,图;20cm |
| ISBN 7-5009-2155-1:CNY8.00 |
| 本书第一部分主要介绍了为训练实践提供的基本技巧,注意儿童训练中练习的多样化。第二部分主要涉及到自由泳中的出发入水——抓壁式出发和摆臂式出发以及转身到自由泳的混合转身。 |
| ● |
| 相关链接 |
|
|
|
|
正题名:儿童自由泳技术训练
索取号:G861.11/50
 
预约/预借
| 序号 | 登录号 | 条形码 | 馆藏地/架位号 | 状态 | 备注 |
| 1 | 0382806 | 203828064 | 第一样本阅览室/ [索取号:G861.11/50] | 在馆 | |
| 2 | 0382807 | 203828073 | 第四借阅区/ [索取号:G861.11/50] | 在馆 | |
| 3 | 0382808 | 203828082 | 第四借阅区/ [索取号:G861.11/50] | 在馆 | |
| 4 | 0382809 | 203828091 | 第四借阅区/ [索取号:G861.11/50] | 在馆 | |
| 5 | 0382810 | 203828108 | 第四借阅区/ [索取号:G861.11/50] | 在馆 |